| 000 | 00629nam a2200157Ia 4500 | ||
|---|---|---|---|
| 008 | 100122s9999 xx 000 0 und d | ||
| 082 |
_b63237 _a823 |
||
| 100 | _aहेसे हरमान | ||
| 245 | _aसिध्दार्थ / पूर्वेची यात्रा | ||
| 260 |
_bसुविद्या प्रकाशन _c2003 |
||
| 300 | _a194 | ||
| 630 | _aसिध्दार्थ / पूर्वेची यात्रा | ||
| 700 | _aसरदेशमुख त्र्यं वि | ||
| 730 | _aसिध्दार्थ / पूर्वेची यात्रा | ||
| 942 | _cBOOK | ||
| 999 |
_c437286 _d437283 |
||